Mergers and Acquisitions
Zložitosť podnikateľského prostredia a rastúca konkurencia na trhu často presahujúce možnosti jednej spoločnosti. Z týchto dôvodov spoločnosti pristupujú k prepojeniu. Dve skupiny prepojenia, a to dobrovoľné fúzie a dobrovoľné akvizície a nedobrovoľné fúzie (nedobrovoľné akvizície). Skúmanie oboch t...
Gespeichert in:
| 1. Verfasser: | |
|---|---|
| Format: | Buchkapitel |
| Sprache: | Englisch |
| Schlagworte: | |
| Tags: |
Keine Tags, Fügen Sie das erste Tag hinzu!
|
MARC
| LEADER | 00000naa$a2200000$$$4500 | ||
|---|---|---|---|
| 001 | 0271042 | ||
| 005 | 20240502074245.4 | ||
| 041 | 0 | |a eng | |
| 044 | |a SK | ||
| 245 | 1 | 0 | |a Mergers and Acquisitions |c Terézia Barlašová |
| 520 | |a Zložitosť podnikateľského prostredia a rastúca konkurencia na trhu často presahujúce možnosti jednej spoločnosti. Z týchto dôvodov spoločnosti pristupujú k prepojeniu. Dve skupiny prepojenia, a to dobrovoľné fúzie a dobrovoľné akvizície a nedobrovoľné fúzie (nedobrovoľné akvizície). Skúmanie oboch typov obchodných fúzií, ako aj obranné metódy proti nepriateľským akvizíciám. | ||
| 610 | 2 | 0 | |a taktika podniková |
| 610 | 2 | 0 | |a akvizícia |
| 610 | 2 | 0 | |a fúzie |
| 610 | 2 | 0 | |a konkurencieschopnosť |
| 100 | 1 | |a Barlašová, Terézia | |